00732nam a2200181 a 4500003000200000005001700002008004100019050003300060100002600093245010400119260009300223300004100316504004100357650003500398650004100433650004200474650003400516020250220121548.0111115s19uu xx 00 eng d aPGS QR 201.3.C67b.K49 2011  aKim, Young Ko (Rick). aThe effect of coconut milk and water on the growth of Staphylococcus aureus /cYoung Jo Kim (Rick). aLas Piñas City, Philippines : bSouthville International School and Colleges, c2011. a15 pages :billustrations ; c28 cm. aIncludes bibliographical references. aStaphylococcus aureusvGrowth. aCoconut milkvAntimicrobial effects. aCoconut watervAntimicrobial effects. aNatural antimicrobial agents.